00217nam a2200097 4500082001400000100002000014245002300034260003100057300000800088650002300096 a541.3 DUF aDuffey,George.H aPhysical Chemistry aNew YorkbMcGrawHillc1962 a525 aphysical chemistry